000 00543nam a2200181Ia 4500
003 OSt
005 20200810112806.0
008 190216s9999||||xx |||||||||||||| ||und||
020 _a9798181282247
040 _coclc
082 _a513.83
_bSIN/L
100 _aSinger, I M
_93920
245 0 _aLecture Notes On Elementary Topology And Geometry /
_c I M Singer ; J A Thorpe
260 _bSpringer Verlag,
_aNew York:
_c2005.
300 _a232p
650 _aMathematics
942 _cBK
_2ddc
_h513.83
_iSIN/L
_k513.83
_mSIN/L
999 _c31958
_d31958